00826nam a2200229Ia 450000100060000000300070000600800410001302000190005404000110007308000100008410000220009424500270011624500270014326000150017026000130018526000090019830000140020754100110022165303050023265300270053765300320056416408GE_BSU181216s||||||||xx |||||||||||||| ||und|| a978-1568025872 cGE_BSU a321.7 aMorgan, Patrick M aInternational Security bProblems and Solutions aWashington bCQ Press c2006 a331p;22cm h90gel. aConflict--be it war between states, ethnic violence, civil war, or terrorist activity--endures, despite immense efforts to end it. How do states cope with conflict, minimize future threats, and reduce the risk of insecurity? Morgan outlines a spectrum of solutions states use to manage violent confli aInternational Security aკონფლიქტი